| 000 | 00977 a2200253 4500 | ||
|---|---|---|---|
| 003 | dpl | ||
| 005 | 20090304101423.0 | ||
| 008 | 090304t xxu||||| |||| 00| 0 eng d | ||
| 010 | _aENG-85371 | ||
| 020 |
_a8186772200 _c615.00 |
||
| 035 | _aEN-68904 | ||
| 037 | _bD.B.Act / Pub | ||
| 040 |
_aDPL _cDPL |
||
| 082 | _a306.83 | ||
| 245 |
_aKinship family and marriage _bchanging perspectives _cedited by Dharam Vir |
||
| 260 |
_aNew Delhi _bNew Academic Publishers _c2006 |
||
| 270 |
_a4760-61, 23 Ansari Road, Daryaganj _bNew Delhi _e110 002 |
||
| 300 |
_aviii, 235 p. _c21 cm (Hb.) |
||
| 500 | _aincludes index | ||
| 710 | _aDharam Vir | ||
| 942 |
_adpl _cEN _k306.83 / KIN _2ddc _h306.83 _mKIN |
||
| 999 |
_c2126 _d2126 |
||